banner-ar

العلاقات الامريكية السودانية : (Record no. 63956)

MARC details
000 -الفاتح
حقل البيانات ثابتة الطول 00879nam a22002177a 4500
005 - وقت وتاريخ اخر تعامل مع التسجيلة
رقم الضبط 20240530110707.0
008 - عناصر البيانات ثابتة الطول - معلومات عامة
حقل البيانات ثابتة الطول 171225s2016 ua a g b 000 0dara d
017 ## - رقم الايداع القانونى
رقم الايداع القانونى 2015/14159
المصدر ( الهيئة المختصة) مصر. دار الكتب
020 ## - الرقم الدولى المعيارى للكتب
الرقم الدولى المعيارى للكتاب 9789773192365
040 ## - مصدر الفهرسة
وكالة الفهرسة الأصلية EG-CaGPL
وكالة النسخ EG-CaGPL
082 04 - رقم تصنيف ديوى العشرى
رقم الطبعة 21
رقم التصنيف 327.11\
رقم المادة ن ع
100 0# - المدخل الرئيسى - إسم شخصى
الإسم الشخصى نجلاء مرعى
245 12 - بيان العنوان
العنوان العلاقات الامريكية السودانية :
بقية العنوان النفط والتكالب الامريكى على السودان /
بيان المسئوليه,etc نجلاء مرعى .
250 ## - بيان الطبعة
بيان الطبعة ط.1
260 ## - PUBLICATION, DISTRIBUTION, ETC. (IMPRINT)
تاريخ النشر أو التوزيع 2016 .
300 ## - الوصف المادى
التعداد 263 ص. ؛
أبعاد الوعاء 24 سم.
651 07 - المدخل الاضافى بالموضوع - اسم جغرافى
مصدر الرأس أو المصطلح qrmak
الاسم الجغرافي السودان
التقسيم الفرعي العام السياسة الخارجية
التقسيم الفرعي الجغرافي امريكا
651 07 - المدخل الاضافى بالموضوع - اسم جغرافى
مصدر الرأس أو المصطلح qrmak
الاسم الجغرافي السودان
التقسيم الفرعي العام الاحوال السياسية
942 ## - عناصر المدخل الإضافي( كوها)
مصدر التصنيف او مخطط الترفيف Dewey Decimal Classification
Koha [default] item type كتاب
260 ## - PUBLICATION, DISTRIBUTION, ETC. (IMPRINT)
-- القاهرة :
-- العربى للنشر و التوزيع ،
Holdings
حالة التراجع حالة الفقد حالة تلف ليس للاعارة المكان المؤقت الموقع الحالى موقع الترفيف تاريخ الاكتساب اجمالي اﻻعارات رقم الطلب الباركود تاريخ اخر مشاهدة تاريخ تفعيل السعر نوع وعاء كوها
        مكتبة القاهرة الكبرى مكتبة القاهرة الكبرى القاعة الرئيسية 01/23/2018   327.11\ ن ع 164080 01/23/2018 01/23/2018 كتاب

Powered By

EGPV